00933nac a22002411u 4500008004100000010001500041020001500056020001800071035002300089082002200112100004100134245005100175246003400226260005700260300003600317440004600353500002000399650004400419650004300463942002600506999001300532952014600545100906s200 n |||||ri 001 0 eng d a2002277585 a0130669113 a9780130669117 a(OCoLC)ocm4836270800a005.2762bMUC222 aMuchow, John W. 91827310aCore J2ME technology & MIDP /cJohn W. Muchow.3 aCore J2ME technology and MIDP aUpper Saddle River, NJ :bPrentice Hall PTR,cc2002. axxiii, 710 p. :bill. ;c24 cm. 0aSun Microsystems Press Java series918274 aIncludes index. 0aJava (Computer program language)918275 0aWireless communication systems.918276 cBBk005.2762 MUC2ddc c714d714 00102ddc40708 aMAINbMAINcLOWd2006-07-25epurchaseg350.00l3m7o005.2762 MUCp000003886r2025-07-15 00:00:00s2011-01-18v437.50yBB